| 000 | 00644nam a2200241Ia 4500 | ||
|---|---|---|---|
| 003 | OSt | ||
| 005 | 20220918222458.0 | ||
| 006 | a|||||r|||| 00| 0 | ||
| 007 | ta | ||
| 008 | 220917b |||||||| |||| 00| 0 eng d | ||
| 024 | _a217,022 | ||
| 037 | _cTextual | ||
| 040 |
_aARTS _cARTS _beng |
||
| 041 |
_2eng _aeng |
||
| 082 | _aR40aO, P1 | ||
| 100 |
_aWeston Michael _980926 |
||
| 245 | 0 | _aPhilosophy, literature and the human good | |
| 260 |
_aLondon _bRoutledge _c2001 |
||
| 300 |
_axix, 198p _ccm. |
||
| 650 |
_aETHICS; PHILOSOPHY _914226 |
||
| 942 |
_hR40aO, P1 _cTEXL _2CC |
||
| 999 |
_c275646 _d275646 |
||